[Event "IECC M email"]
[Site "IECC email"]
[Date "2001.06.30"]
[Round "?"]
[White "Haigh, Paul"]
[Black "Hames, Mike"]
[Result "0-1"]
[WhiteElo "1000"]
[BlackElo "1085"]
[PlyCount "112"]
[EventDate "2001.??.??"]
[EventType "tourn (corr)"]
[EventRounds "6"]
[SourceTitle "Corr 2008"]
[Source "ChessBase"]
[SourceDate "2008.06.24"]
[SourceVersion "1"]
[SourceVersionDate "2008.06.24"]
[SourceQuality "1"]

1. d4 d5 2. c4 e6 3. Nf3 Nf6 4. Bg5 h6 5. Bf4 Be7 6. e3 0-0 7. Bd3 Nbd7 8. c5 c6 9. 0-0 Nh5 10. Be5 Nxe5 11. Nxe5 Nf6 12. Nc3 Re8 13. b4 a5 14. b5 cxb5 15. Bxb5 Rf8 16. Na4 Ra7 17. Nb6 Qc7 18. Qa4 Bxc5 19. Nxc8 Rxc8 20. Rfc1 Qb8 21. Qc2 Ra8 22. Qb2 Bd6 23. Nf3 Rxc1+ 24. Rxc1 Qf8 25. Rc3 Ne4 26. Rd3 Qe7 27. Rb3 a4 28. Rd3 Ra5 29. Nd2 a3 30. Qb1 Bb4 31. Nxe4 dxe4 32. Rb3 Rxb5 33. Qxe4 Rh5 34. g3 Ra5 35. Qc2 Ra6 36. Qc4 Rb6 37. Kg2 g6 38. Kf1 Qd6 39. Kg2 Qc6+ 40. Qxc6 bxc6 41. Kf1 c5 42. Ke2 c4 43. Rb1 c3 44. Kd3 f5 45. h4 Kf7 46. f4 Ke7 47. Rb3 Kd6 48. Rb1 Kd5 49. Rb3 c2 50. Kxc2 Ke4 51. Kd1 Kf3 52. Kc2 Kxg3 53. Kd3 Kxh4 54. Rb1 h5 55. Rh1+ Kg4 56. Ke2 h4 0-1